Welcome to CU Library Online Public Access Catalogue (OPAC)

WHEN JESUS CONFRONTS THE WORLD; (Record no. 6089)

MARC details
000 -LEADER
fixed length control field 00383nam a22001337a 4500
005 - DATE AND TIME OF LATEST TRANSACTION
control field 20250531105558.0
008 - FIXED-LENGTH DATA ELEMENTS--GENERAL INFORMATION
fixed length control field 250531b |||||||| |||| 00| 0 eng d
020 ## - INTERNATIONAL STANDARD BOOK NUMBER
International Standard Book Number 9780851107837
050 ## - LIBRARY OF CONGRESS CALL NUMBER
Classification number BV4501
Item number .2 CAR
100 ## - MAIN ENTRY--PERSONAL NAME
Personal name CARSON, D.A
245 ## - TITLE STATEMENT
Title WHEN JESUS CONFRONTS THE WORLD;
Remainder of title AN EXPOSITION OF MATTHEW 8-10
260 ## - PUBLICATION, DISTRIBUTION, ETC.
Place of publication, distribution, etc. NEW YORK
Name of publisher, distributor, etc. INTER-VARSITY PRESS
Date of publication, distribution, etc. c1987
942 ## - ADDED ENTRY ELEMENTS (KOHA)
Source of classification or shelving scheme Library of Congress Classification
Koha item type Books
Suppress in OPAC No
999 ## -
-- 6089
-- 6089
Holdings
Withdrawn status Lost status Source of classification or shelving scheme Damaged status Not for loan Collection Home library Current library Shelving location Date acquired Total checkouts Full call number Barcode Date last seen Copy number Price effective from Koha item type
    Library of Congress Classification     Non-fiction Undergraduate Library (Christ Temple) Undergraduate Library (Christ Temple) General stacks 05/31/2025   BV4501.2 CAR ulct00002783 05/31/2025 1 05/31/2025 Books
© 2023-2024 Copyright: Central University Libraries. All Rights Reserved | Created by: Mahone Tech Office